Normal view
MARC view
- مراشدة، عبدالرحيم
Entry Personal Name
001 - CONTROL NUMBER
- control field: 63488
003 - CONTROL NUMBER IDENTIFIER
- control field: JO-AjAnu
005 - DATE AND TIME OF LATEST TRANSACTION
- control field: 20230606084349.0
008 - FIXED-LENGTH DATA ELEMENTS
- fixed length control field: 230606|| aca||aabn | a|a d
040 ## - CATALOGING SOURCE
- Original cataloging agency: JO-AjAnu
- Transcribing agency: JO-AjAnu
100 ## - HEADING--PERSONAL NAME
- Personal name: مراشدة، عبدالرحيم
670 ## - SOURCE DATA FOUND
- Source citation: Work cat.: (JO-AjAnu)32370: مراشدة، عبدالرحيم, author, تمثيلات التفاصيل في الرواية العربية : رواية نوتنغهام في علبة لشمانيا انموذجا